000 00498nam a2200181Ia 4500
005 20250326141302.0
008 250326s9999 xx 000 0 und d
037 _aTextbook
040 _aFMSL
_beng
_cFMSL
041 _aeng
_2eng
084 _aB2893 N4
_qFMSL
100 _aChandan J S
245 0 _aEssential of linear programming
_cChandan J S; Kim K H
260 _aNew Delhi
_bNew Delhi, Vikas
_c1994
300 _a291p
942 _cTB
_hB2893 N4
999 _c1289600
_d1289600